Countries of the World by First Letter (Hard) - Statistics

General Stats
  • This quiz has been taken 91 times
  • The average score is 154 of 196
Answers on the Map
Answers color-coded by a green-red scale on the quiz's map according to % correct below.
 
Answer Stats
Country % Correct
Albania
100%
Andorra
92%
Austria
92%
Belarus
92%
Belgium
91%
Bosnia and Herzegovina
91%
Bulgaria
91%
Croatia
91%
Czech Republic
91%
Denmark
89%
Estonia
89%
Finland
89%
France
89%
Germany
89%
Greece
87%
Hungary
87%
Iceland
85%
Ireland
85%
Italy
85%
Kosovo
85%
Latvia
85%
Liechtenstein
85%
Lithuania
85%
Luxembourg
85%
Malta
85%
Moldova
85%
Monaco
85%
Montenegro
85%
Netherlands
85%
North Macedonia
85%
Norway
85%
Poland
85%
Portugal
85%
Romania
85%
Russia
85%
San Marino
85%
Serbia
85%
Slovakia
85%
Slovenia
85%
Spain
85%
Sweden
85%
Switzerland
85%
Ukraine
85%
United Kingdom
85%
Vatican City
85%
Afghanistan
81%
Algeria
79%
Antigua and Barbuda
79%
Armenia
79%
Azerbaijan
79%
Bahrain
79%
Bangladesh
79%
Bhutan
79%
Brunei
79%
Cambodia
79%
China
79%
Cyprus
79%
East Timor
79%
Georgia
79%
India
79%
Indonesia
79%
Iran
79%
Iraq
79%
Israel
79%
Japan
79%
Jordan
79%
Kazakhstan
79%
Kuwait
79%
Kyrgyzstan
79%
Laos
79%
Lebanon
79%
Malaysia
79%
Maldives
79%
Mongolia
79%
Myanmar
79%
Nepal
79%
North Korea
79%
Oman
79%
Pakistan
79%
Philippines
79%
Qatar
79%
Saudi Arabia
79%
Singapore
79%
South Korea
79%
Sri Lanka
79%
Syria
79%
Taiwan
79%
Tajikistan
79%
Thailand
79%
Turkey
79%
Turkmenistan
79%
United Arab Emirates
79%
Uzbekistan
79%
Angola
77%
Argentina
77%
Bahamas
77%
Barbados
77%
Belize
77%
Benin
77%
Bolivia
77%
Botswana
77%
Brazil
77%
Burkina Faso
77%
Burundi
77%
Cameroon
77%
Canada
77%
Cape Verde
77%
Chad
77%
Chile
77%
Colombia
77%
Comoros
77%
Costa Rica
77%
Cuba
77%
Democratic Republic of the Congo
77%
Central African Republic
77%
São Tomé and Príncipe
77%
Djibouti
77%
Dominica
77%
Dominican Republic
77%
Egypt
77%
El Salvador
77%
Equatorial Guinea
77%
Eritrea
77%
Eswatini
77%
Ethiopia
77%
Gabon
77%
Gambia
77%
Ghana
77%
Grenada
77%
Guatemala
77%
Guinea
77%
Guinea-Bissau
77%
Haiti
77%
Ivory Coast
77%
Kenya
77%
Lesotho
77%
Liberia
77%
Libya
77%
Madagascar
77%
Malawi
77%
Mali
77%
Mauritania
77%
Mauritius
77%
Morocco
77%
Mozambique
77%
Namibia
77%
Niger
77%
Nigeria
77%
Republic of the Congo
77%
Rwanda
77%
Senegal
77%
Seychelles
77%
Sierra Leone
77%
Somalia
77%
South Africa
77%
South Sudan
77%
Sudan
77%
Tanzania
77%
Togo
77%
Tunisia
77%
Uganda
77%
Zambia
77%
Zimbabwe
77%
Ecuador
75%
Honduras
75%
Jamaica
75%
Mexico
75%
Nicaragua
75%
Panama
75%
Saint Kitts and Nevis
75%
Saint Lucia
75%
Saint Vincent and the Grenadines
75%
Trinidad and Tobago
75%
United States
75%
Vietnam
75%
Australia
74%
Guyana
74%
Paraguay
74%
Peru
74%
Yemen
74%
Suriname
72%
Uruguay
72%
Venezuela
72%
Federated States of Micronesia
70%
Fiji
66%
Kiribati
66%
Marshall Islands
66%
Nauru
66%
New Zealand
62%
Palau
62%
Papua New Guinea
62%
Samoa
62%
Solomon Islands
62%
Tonga
58%
Tuvalu
58%
Vanuatu
58%
No matching quizzes found
Score Distribution
Percent of People with Each Score
Percentile by Number Answered
Your Score History
You have not taken this quiz